| 000 | 00367nam a22001697a 4500 | ||
|---|---|---|---|
| 003 | OSt | ||
| 005 | 20260316185126.0 | ||
| 008 | 260316b |||||||| |||| 00| 0 eng d | ||
| 040 | _cFLL | ||
| 041 |
_aENG _dENG |
||
| 100 | _aSHASTRI, S.C | ||
| 245 | _aENVIRONMENTAL LAW | ||
| 250 | _a7th | ||
| 260 |
_aLUCKNOW _bEBC _c2025 |
||
| 300 | _a647 | ||
| 942 |
_2CC _cTB _n0 |
||
| 999 |
_c1715563 _d1715563 |
||